| 000 | 00705nam a2200181 i 4500 | ||
|---|---|---|---|
| 001 | 118474 | ||
| 005 | 20230410142353.0 | ||
| 008 | 141103s2014 sp a 000 0 spa | | ||
| 020 | _a9788493885854 | ||
| 050 | 1 | 4 |
_a _b |
| 100 | 1 | _aAnguita, Julio. | |
| 245 | 0 | 0 |
_aRebelión _bUnión Europea, España Federal y Tercera República / _cJulio Anguita |
| 260 |
_aEspaña : _bAlfaqueque Ediciones , _c2014 |
||
| 300 |
_a155p. _bill. ; _c17 cm. |
||
| 505 | 0 | _aAnguita, la virtud republicana -- Anguita, una cierta idea de la república -- La verdad es siempre revolucionaria -- La unión europea y el origen de la crisis social -- La España federal y la tercera reública. | |
| 942 |
_2lcc _cbk |
||
| 946 | _aDGG. | ||
| 999 |
_c94448 _d94448 |
||